00638nam a2200193Ia 4500952013300000999001700133003000400150005001700154008004100171020001800212040000900230082001800239100002500257245005200282260004700334300000900381650001200390942004200402 00102ddc40708PHYSICSaMESbMEScPHYd2019-02-20g225.00l0o530.12 OMN/Up26443r2019-02-20 00:00:00w2019-02-20yBKzGL11R3 c33703d33703OSt20200904113010.0190216s9999||||xx |||||||||||||| ||und|| a9788120318861 coclc a530.12bOMN/U aOmnes, Roland 94433 0aUnderstanding Quantum Mechanics /cRoland Omnes bPrentice Hall Of India,c2001.aNew Delhi: a307p aPhysics cBK2ddch530.12iOMN/Uk530.12mOMN/U